| Tag |
First Indicator |
Second Indicator |
Subfields |
| LEADER |
00000cam a2200000 a 4500 |
| 001 |
in00002781636 |
| 006 |
m d |
| 007 |
cr cn||||||||| |
| 008 |
120210s2012 nyu ob 001 0deng d |
| 005 |
20250816204540.5 |
| 010 |
|
|
|z 2012005800
|
| 020 |
|
|
|z 9781137021793 (hardback)
|
| 020 |
|
|
|z 9781137021809 (e-book)
|
| 035 |
|
|
|a (CaPaEBR)ebr10596882
|
| 040 |
|
|
|a CaPaEBR
|c CaPaEBR
|d UtOrBLW
|
| 050 |
1 |
4 |
|a PR2833
|b .B66 2012eb
|
| 082 |
0 |
4 |
|a 822.3/3
|2 23
|
| 100 |
1 |
|
|a Brevik, Frank W.
|
| 245 |
1 |
4 |
|a The Tempest and new world-Utopian politics /
|c Frank W. Brevik.
|
| 250 |
|
|
|a 1st ed.
|
| 264 |
|
1 |
|a New York :
|b Palgrave Macmillan,
|c 2012.
|
| 300 |
|
|
|a 1 online resource (viii, 192 pages)
|
| 336 |
|
|
|a text
|b txt
|2 rdacontent
|
| 337 |
|
|
|a computer
|b c
|2 rdamedia
|
| 338 |
|
|
|a online resource
|b cr
|2 rdacarrier
|
| 504 |
|
|
|a Includes bibliographical references and index.
|
| 505 |
0 |
|
|a pt. 1. The New World Tempest orthodoxy as multicultural pedagogy -- pt. 2. "Text" versus "context" in post-Second World War criticism -- pt. 3. Subversive American Adams and anarchic utopists -- pt. 4. Post-Communist topicalities.
|
| 520 |
|
|
|a "The Tempest and New World-Utopian Politics is a post-1989 interpretation of the play that reaches new conclusions about how to teach about its setting, Caliban, and its many still neglected New World dimensions. Through close textual readings, the book problematizes how an unstable and aporic setting at the same time enables and invalidates recent discursively over-invested Virginian interpretations and refutes the by now institutionally orthodox view that Caliban is a character of credible New World origin. The book calls for a utopian understanding of the play's vacuum of power and interprets pastoral, anarchic, and Americanist tensions through a presentist, post-1989 lens"--
|c Provided by publisher.
|
| 500 |
|
|
|a Electronic resource.
|
| 600 |
1 |
0 |
|a Shakespeare, William,
|d 1564-1616.
|t Tempest.
|
| 650 |
|
0 |
|a Utopias in literature.
|
| 655 |
|
7 |
|a Electronic books.
|2 local
|
| 710 |
2 |
|
|a ebrary, Inc.
|
| 856 |
4 |
0 |
|u https://ebookcentral.proquest.com/lib/tamucs/detail.action?docID=1016551
|y Connect to the full text of this electronic book
|t 0
|
| 980 |
|
|
|a 120925
|b 85
|c USD
|e 85
|f YBP_EBR0000043082
|g 1
|
| 999 |
f |
f |
|s 0ccd6900-0aef-335a-b05d-dcb85222b470
|i c90009cb-7cc0-340e-ac44-6a6a735ad240
|t 0
|
| 999 |
|
|
|a MARS
|
| 952 |
f |
f |
|a Texas A&M University
|b College Station
|c Electronic Resources
|d Available Online
|t 0
|e PR2833 .B66 2012eb
|h Library of Congress classification
|
| 998 |
f |
f |
|a PR2833 .B66 2012eb
|t 0
|l Available Online
|